[Event "Chigorin Memorial 20th"]
[Site "St Petersburg"]
[Date "2012.11.01"]
[Round "6"]
[White "Osipov, Vladimir"]
[Black "Pershina, Elena"]
[Result "1/2-1/2"]
[WhiteElo "2164"]
[BlackElo "2122"]
[PlyCount "80"]
[EventDate "2012.10.27"]
[EventType "swiss"]
[EventRounds "9"]
[EventCountry "RUS"]
[SourceTitle "EXT 2013"]
[Source "ChessBase"]
[SourceDate "2012.11.22"]
[SourceVersion "1"]
[SourceVersionDate "2012.11.22"]
[SourceQuality "1"]

1. e4 e5 2. Nf3 Nc6 3. Bc4 d6 4. Nc3 Bg4 5. h3 Bxf3 6. Qxf3 Nf6 7. Nd5 Nd4 8. Nxf6+ Qxf6 9. Qxf6 gxf6 10. Bd3 Bh6 11. c3 Ne6 12. g3 0-0-0 13. b4 Ng5 14. h4 Ne6 15. Bc4 Rhg8 16. d3 Bxc1 17. Rxc1 c6 18. a4 d5 19. exd5 cxd5 20. Bb3 Kb8 21. Kd2 f5 22. Rhe1 f6 23. d4 e4 24. Rg1 Rg7 25. Rcf1 Kc7 26. f3 exf3 27. Rxf3 f4 28. Re1 fxg3 29. Rxf6 Rd6 30. Bxd5 Nxd4 31. Rxd6 Kxd6 32. Be4 Nc6 33. Ke3 Rg4 34. h5 h6 35. Rd1+ Kc7 36. Bf5 Rg7 37. Rg1 Rg5 38. Kf4 Rxh5 39. Rxg3 Ne7 40. Be4 Nd5+ 1/2-1/2

[Event "Chigorin Memorial 20th"]
[Site "St Petersburg"]
[Date "2012.10.31"]
[Round "5"]
[White "Iljiushenok, Ilia"]
[Black "Osipov, Vladimir"]
[Result "1-0"]
[WhiteElo "2427"]
[BlackElo "2164"]
[PlyCount "65"]
[EventDate "2012.10.27"]
[EventType "swiss"]
[EventRounds "9"]
[EventCountry "RUS"]
[SourceTitle "EXT 2013"]
[Source "ChessBase"]
[SourceDate "2012.11.22"]
[SourceVersion "1"]
[SourceVersionDate "2012.11.22"]
[SourceQuality "1"]

1. e4 c5 2. Nf3 Nc6 3. Nc3 e5 4. Bc4 d6 5. d3 Be7 6. 0-0 Nf6 7. Ng5 0-0 8. f4 Bg4 9. Qe1 exf4 10. Bxf4 Nd4 11. Qd2 h6 12. Nf3 Nxf3+ 13. gxf3 Bh3 14. Rf2 Kh7 15. Kh1 Nh5 16. Rg1 Nxf4 17. Qxf4 Bg5 18. Qg3 Be6 19. f4 Bf6 20. e5 dxe5 21. fxe5 Bxc4 22. dxc4 Bg5 23. h4 f6 24. Nd5 fxe5 25. Rxf8 Qxf8 26. hxg5 hxg5 27. Qxg5 Qf3+ 28. Rg2 Qf1+ 29. Kh2 Qf7 30. Qh4+ Kg8 31. Ne7+ Kf8 32. Ng6+ Ke8 33. Qh8+ 1-0

[Event "Chigorin Memorial 20th"]
[Site "St Petersburg"]
[Date "2012.10.29"]
[Round "3"]
[White "Golubov, Saveliy"]
[Black "Osipov, Vladimir"]
[Result "0-1"]
[WhiteElo "2189"]
[BlackElo "2164"]
[PlyCount "76"]
[EventDate "2012.10.27"]
[EventType "swiss"]
[EventRounds "9"]
[EventCountry "RUS"]
[SourceTitle "EXT 2013"]
[Source "ChessBase"]
[SourceDate "2012.11.22"]
[SourceVersion "1"]
[SourceVersionDate "2012.11.22"]
[SourceQuality "1"]

1. e4 c5 2. Nf3 Nc6 3. d4 cxd4 4. Nxd4 Nf6 5. Nc3 e5 6. Ndb5 d6 7. Bg5 a6 8. Na3 b5 9. Nd5 Be7 10. Bxf6 Bxf6 11. c4 bxc4 12. Nxc4 Nd4 13. Qa4+ Bd7 14. Qd1 Bb5 15. a4 Bc6 16. a5 Bxd5 17. exd5 0-0 18. Nb6 Ra7 19. Bc4 Qc7 20. 0-0 Qc5 21. Qd2 Bd8 22. b4 Qc7 23. Rfc1 Qb8 24. Na4 Rb7 25. Nb2 Rxb4 26. Nd3 Rb7 27. Qa2 e4 28. Ne1 Rb2 29. Rab1 Rxa2 30. Rxb8 Rxa5 31. Bf1 f5 32. Ra8 Bg5 33. Rxf8+ Kxf8 34. Rd1 Rxd5 35. Kh1 Ke7 36. Nc2 Bf6 37. Nb4 Ra5 38. g4 fxg4 0-1

[Event "Chigorin Memorial 20th"]
[Site "St Petersburg"]
[Date "2012.10.28"]
[Round "2"]
[White "Osipov, Vladimir"]
[Black "Alekseenko, Kirill"]
[Result "0-1"]
[WhiteElo "2164"]
[BlackElo "2434"]
[PlyCount "86"]
[EventDate "2012.10.27"]
[EventType "swiss"]
[EventRounds "9"]
[EventCountry "RUS"]
[SourceTitle "EXT 2013"]
[Source "ChessBase"]
[SourceDate "2012.11.22"]
[SourceVersion "1"]
[SourceVersionDate "2012.11.22"]
[SourceQuality "1"]

1. e4 c5 2. Nf3 Nc6 3. d4 cxd4 4. Nxd4 Nf6 5. Nc3 d6 6. Bc4 e6 7. Bg5 Be7 8. Qd2 a6 9. 0-0-0 Qc7 10. Bb3 Bd7 11. f4 Na5 12. Kb1 Nxb3 13. cxb3 h6 14. Bxf6 Bxf6 15. f5 Rd8 16. fxe6 fxe6 17. h4 Qc5 18. g4 Qxd4 19. Qxd4 Bxd4 20. Rxd4 Ke7 21. Rhd1 Bc6 22. a4 Rhf8 23. R4d3 Rf4 24. e5 d5 25. Rd4 Rxd4 26. Rxd4 Rf8 27. Ne2 Rf3 28. Kc2 Rf2 29. Kd2 a5 30. Ke3 Rh2 31. Kf3 Be8 32. b4 Bxa4 33. bxa5 Bb5 34. Rd2 Kd7 35. h5 Rxe2 36. Rxe2 Bxe2+ 37. Kxe2 Kc6 38. Ke3 Kb5 39. Kf4 Kxa5 40. g5 Kb4 41. gxh6 gxh6 42. Ke3 Kb3 43. Kd4 b6 0-1

[Event "St Petersburg Botvinnik Memorial op"]
[Site "St Petersburg"]
[Date "2012.08.27"]
[Round "3"]
[White "Osipov, Vladimir"]
[Black "Manin, Viktor L"]
[Result "0-1"]
[WhiteElo "2164"]
[BlackElo "2181"]
[PlyCount "38"]
[EventDate "2012.08.25"]
[EventType "swiss"]
[EventRounds "9"]
[EventCountry "RUS"]
[SourceTitle "CBM 150 Extra"]
[Source "ChessBase"]
[SourceDate "2012.10.19"]
[SourceVersion "1"]
[SourceVersionDate "2012.10.19"]
[SourceQuality "1"]

1. e4 e5 2. Nf3 Nc6 3. Bc4 Nf6 4. Ng5 d5 5. exd5 Na5 6. Bb5+ c6 7. dxc6 bxc6 8. Be2 h6 9. Nf3 e4 10. Ne5 Bd6 11. Nc4 Nxc4 12. Bxc4 0-0 13. Nc3 Re8 14. 0-0 Bxh2+ 15. Kh1 Bc7 16. f3 Qd4 17. d3 exf3 18. Rxf3 Qh4+ 19. Kg1 Re1+ 0-1

[Event "Izmailov Memorial op 12th"]
[Site "Tomsk"]
[Date "2008.07.02"]
[Round "8"]
[White "Osipov, Vladimir"]
[Black "Ismailov, Mukhit"]
[Result "1/2-1/2"]
[WhiteElo "2224"]
[BlackElo "1915"]
[PlyCount "41"]
[EventDate "2008.06.25"]
[EventType "swiss"]
[EventRounds "9"]
[EventCountry "RUS"]
[SourceTitle "CBM 125 Extra"]
[Source "ChessBase"]
[SourceDate "2008.09.01"]
[SourceVersion "1"]
[SourceVersionDate "2008.09.01"]
[SourceQuality "1"]

1. g3 c5 2. Bg2 Nc6 3. e4 d6 4. Ne2 e5 5. d3 g6 6. Nbc3 Bg7 7. Be3 Nge7 8. Qd2 Nd4 9. h3 0-0 10. 0-0-0 Bd7 11. Bh6 b5 12. Nxd4 cxd4 13. Nd5 Nxd5 14. exd5 Rc8 15. Kb1 Rc5 16. h4 Bxh6 17. Qxh6 Qf6 18. h5 Qg7 19. Qd2 Rfc8 20. Rc1 Kf8 21. f4 1/2-1/2

[Event "Izmailov Memorial op 12th"]
[Site "Tomsk"]
[Date "2008.06.25"]
[Round "1"]
[White "Amonatov, Farrukh"]
[Black "Osipov, Vladimir"]
[Result "1-0"]
[WhiteElo "2625"]
[BlackElo "2224"]
[PlyCount "65"]
[EventDate "2008.06.25"]
[EventType "swiss"]
[EventRounds "9"]
[EventCountry "RUS"]
[SourceTitle "CBM 125 Extra"]
[Source "ChessBase"]
[SourceDate "2008.09.01"]
[SourceVersion "1"]
[SourceVersionDate "2008.09.01"]
[SourceQuality "1"]

1. e4 g6 2. d4 Bg7 3. Nf3 d6 4. Bc4 c6 5. Bb3 Nf6 6. Qe2 Bg4 7. Nbd2 e6 8. 0-0 0-0 9. h3 Bxf3 10. Nxf3 d5 11. e5 Nfd7 12. Bg5 Qb6 13. c4 dxc4 14. Bxc4 Qc7 15. Rac1 Nb6 16. Bb3 Re8 17. Nd2 N8d7 18. Ne4 Nd5 19. Nd6 Reb8 20. Bxd5 exd5 21. f4 Bf8 22. Nxf7 Kxf7 23. f5 gxf5 24. Rxf5+ Kg8 25. e6 Bg7 26. Bf4 Qd8 27. e7 Qe8 28. Qe6+ Kh8 29. Rf1 Rc8 30. Rf7 c5 31. Rxg7 Kxg7 32. Bh6+ Kh8 33. Rf8+ 1-0

[Event "Izmailov Memorial op 11th"]
[Site "Tomsk"]
[Date "2007.??.??"]
[Round "?"]
[White "Osipov, Vladimir"]
[Black "Belozerov, Andrei"]
[Result "0-1"]
[WhiteElo "2240"]
[BlackElo "2541"]
[PlyCount "46"]
[EventDate "2007.06.25"]
[EventType "swiss"]
[EventRounds "9"]
[EventCountry "RUS"]
[SourceTitle "EXT 2008"]
[Source "ChessBase"]
[SourceDate "2007.11.25"]
[SourceVersion "1"]
[SourceVersionDate "2007.11.25"]
[SourceQuality "1"]

1. g3 d5 2. Bg2 e5 3. d3 Nf6 4. Nf3 Nc6 5. 0-0 Be7 6. c3 a5 7. a4 0-0 8. Qc2 h6 9. e4 Re8 10. Re1 Bf8 11. Nbd2 Be6 12. b3 Qd7 13. Bb2 Rad8 14. Rad1 Bh3 15. Bh1 Bc5 16. exd5 Nxd5 17. Nc4 Qf5 18. Nh4 Qf6 19. d4 exd4 20. Rxe8+ Rxe8 21. Bxd5 d3 22. Qxd3 Qxf2+ 23. Kh1 Re1+ 0-1

[Event "Izmailov Memorial op 11th"]
[Site "Tomsk"]
[Date "2007.??.??"]
[Round "?"]
[White "Osipov, Vladimir"]
[Black "Obolenskikh, Dmitry Aleksandrovi"]
[Result "0-1"]
[WhiteElo "2240"]
[BlackElo "2461"]
[PlyCount "68"]
[EventDate "2007.06.25"]
[EventType "swiss"]
[EventRounds "9"]
[EventCountry "RUS"]
[SourceTitle "EXT 2008"]
[Source "ChessBase"]
[SourceDate "2007.11.25"]
[SourceVersion "1"]
[SourceVersionDate "2007.11.25"]
[SourceQuality "1"]

1. Nf3 c5 2. b3 Nf6 3. Bb2 g6 4. c4 Bg7 5. Nc3 0-0 6. e3 Nc6 7. Be2 d5 8. Nxd5 Nxd5 9. Bxg7 Kxg7 10. cxd5 Qxd5 11. 0-0 b6 12. Qc2 Bb7 13. Qc3+ e5 14. Bb5 f6 15. Bxc6 Bxc6 16. d3 Rfd8 17. Rfd1 Rac8 18. e4 Qd6 19. h3 a5 20. a4 Be8 21. Rd2 Bf7 22. Rad1 Rc7 23. Kf1 Rcd7 24. Rc1 Qe6 25. Rb1 Rd6 26. Ke2 Qd7 27. Ne1 Qc6 28. Nc2 c4 29. bxc4 Bxc4 30. Ne3 Rxd3 31. Qxc4 Rxd2+ 32. Kf3 Qxc4 33. Nxc4 R2d4 34. Nxb6 Rb8 0-1

[Event "Izmailov Memorial op 10th"]
[Site "Tomsk"]
[Date "2006.07.12"]
[Round "1"]
[White "Kharlov, Andrei"]
[Black "Osipov, Vladimir"]
[Result "1-0"]
[WhiteElo "2549"]
[BlackElo "2257"]
[PlyCount "55"]
[EventDate "2006.07.12"]
[EventType "swiss"]
[EventRounds "9"]
[EventCountry "RUS"]
[SourceTitle "EXT 2008"]
[Source "ChessBase"]
[SourceDate "2007.11.25"]
[SourceVersion "1"]
[SourceVersionDate "2007.11.25"]
[SourceQuality "1"]

1. d4 c5 2. d5 e5 3. c4 d6 4. e4 Nd7 5. Nc3 Be7 6. g3 Ngf6 7. Bg2 a6 8. Nge2 Rb8 9. a4 b6 10. f4 h5 11. Bd2 h4 12. Nc1 Nh7 13. Nd3 Bf6 14. b4 exf4 15. gxf4 g5 16. e5 dxe5 17. f5 h3 18. Bxh3 Be7 19. bxc5 Bxc5 20. Nxc5 Nxc5 21. 0-0 Nf6 22. Bg2 Nh5 23. Qe2 f6 24. Bxg5 Rb7 25. Be3 Rg7 26. a5 Kf7 27. axb6 Nb3 28. Rab1 1-0

[Event "RUS-Cup01"]
[Site "Tomsk"]
[Date "2003.07.08"]
[Round "5"]
[White "Osipov, Vladimir"]
[Black "Stavskij, Danil"]
[Result "1/2-1/2"]
[WhiteElo "2289"]
[BlackElo "2155"]
[PlyCount "49"]
[EventDate "2003.07.04"]
[EventType "swiss"]
[EventRounds "9"]
[EventCountry "RUS"]
[SourceTitle "CBM 095 Extra"]
[Source "ChessBase"]
[SourceDate "2003.09.04"]
[SourceVersion "1"]
[SourceVersionDate "2003.09.04"]
[SourceQuality "1"]

1. d4 Nf6 2. Bg5 d5 3. Nd2 e6 4. e3 Be7 5. Bd3 Nbd7 6. c3 e5 7. f4 exf4 8. exf4 0-0 9. Nh3 c5 10. 0-0 Qb6 11. Qb3 cxd4 12. Qxb6 Nxb6 13. cxd4 Bxh3 14. gxh3 h6 15. Bxf6 Bxf6 16. Nf3 Rac8 17. Rac1 Rxc1 18. Rxc1 Rc8 19. Rxc8+ Nxc8 20. Kf2 Kf8 21. Ke3 Nd6 22. b3 Ke7 23. h4 g6 24. h5 gxh5 25. a4 1/2-1/2

[Event "RUS-chT Sibirian Zone"]
[Site "Omsk"]
[Date "2001.10.07"]
[Round "3"]
[White "Osipov, Vladimir"]
[Black "Shcherbakov, Ruslan"]
[Result "0-1"]
[WhiteElo "2297"]
[BlackElo "2539"]
[PlyCount "148"]
[EventDate "2001.10.05"]
[EventType "team-tourn"]
[EventRounds "9"]
[EventCountry "RUS"]
[SourceTitle "EXT 2002"]
[Source "ChessBase"]
[SourceDate "2001.11.25"]
[SourceVersion "1"]
[SourceVersionDate "2001.11.25"]
[SourceQuality "1"]

1. e4 c5 2. Nf3 Nc6 3. Bb5 e6 4. Bxc6 bxc6 5. 0-0 Ne7 6. Re1 Ng6 7. c3 Be7 8. d4 d5 9. e5 0-0 10. Be3 f6 11. exf6 gxf6 12. dxc5 e5 13. Nbd2 Rf7 14. b4 Bd7 15. Bh6 Qc7 16. Qc2 Kh8 17. Kh1 Rg8 18. Ng1 e4 19. g3 Ne5 20. Bf4 Qc8 21. Bxe5 fxe5 22. f3 Rgf8 23. Rf1 Bg5 24. fxe4 Bg4 25. Ndf3 Bf6 26. Rae1 Bg7 27. Qg2 Qd8 28. Nd2 Rxf1 29. Rxf1 Rxf1 30. Nxf1 d4 31. c4 Bh6 32. h3 Be6 33. Nf3 Bxc4 34. Nxe5 Be6 35. Qf3 Bg7 36. Nxc6 Qd7 37. b5 d3 38. Nd2 Bxh3 39. Qf4 h6 40. Kh2 Be6 41. a4 Kh7 42. Nf3 Bc3 43. Qd6 d2 44. Nxd2 Bxd2 45. Qxd7+ Bxd7 46. Nxa7 Ba5 47. e5 Kg7 48. Kg2 Kf7 49. Kf3 Ke6 50. Ke4 h5 51. Kd4 Bc7 52. c6 Be8 53. Kc5 Bxe5 54. b6 Bxg3 55. a5 h4 56. c7 Bd7 57. Nc6 Bc8 58. Kb5 h3 59. a6 h2 60. a7 h1Q 61. a8Q Qf1+ 62. Kb4 Qb1+ 63. Kc3 Be1+ 64. Kd4 Qxb6+ 65. Ke4 Qb1+ 66. Kd4 Qb2+ 67. Ke4 Qb1+ 68. Ke3 Qc1+ 69. Kf3 Qc3+ 70. Ke4 Qc2+ 71. Ke3 Bd2+ 72. Ke2 Ba5+ 73. Ke3 Qd2+ 74. Kf3 Qd3+ 0-1

[Event "RUS-chT Sibirian Zone"]
[Site "Omsk"]
[Date "2001.10.06"]
[Round "2"]
[White "Obukhov, Alexander"]
[Black "Osipov, Vladimir"]
[Result "1-0"]
[WhiteElo "2436"]
[BlackElo "2297"]
[PlyCount "67"]
[EventDate "2001.10.05"]
[EventType "team-tourn"]
[EventRounds "9"]
[EventCountry "RUS"]
[SourceTitle "EXT 2002"]
[Source "ChessBase"]
[SourceDate "2001.11.25"]
[SourceVersion "1"]
[SourceVersionDate "2001.11.25"]
[SourceQuality "1"]

1. Nf3 d6 2. e4 Bg4 3. d4 e6 4. Bd3 g6 5. Nbd2 Bh6 6. h3 Bxf3 7. Nxf3 Bxc1 8. Qxc1 Nd7 9. 0-0 Qe7 10. e5 dxe5 11. dxe5 h6 12. Re1 g5 13. c3 0-0-0 14. Bf1 Qf8 15. a4 Ne7 16. a5 a6 17. b4 c6 18. c4 Nf5 19. Qb2 Nb8 20. Nd2 h5 21. Ne4 g4 22. h4 Nxh4 23. Nd6+ Rxd6 24. exd6 Rg8 25. Qf6 Nf5 26. c5 h4 27. Bd3 Nd7 28. Qc3 Rg5 29. b5 cxb5 30. c6 Nxd6 31. cxd7+ Kxd7 32. Rac1 Qd8 33. Be4 b4 34. Qd2 1-0

[Event "RUS-Cup07"]
[Site "Tomsk"]
[Date "1998.07.20"]
[Round "6"]
[White "Matveeva, Svetlana"]
[Black "Osipov, Vladimir"]
[Result "0-1"]
[WhiteElo "2460"]
[BlackElo "2265"]
[PlyCount "120"]
[EventDate "1998.07.15"]
[EventType "swiss"]
[EventRounds "9"]
[EventCountry "RUS"]
[SourceTitle "CBM 067"]
[Source "ChessBase"]
[SourceDate "1998.11.30"]
[SourceVersion "2"]
[SourceVersionDate "1998.11.01"]
[SourceQuality "1"]

1. d4 Nf6 2. Nf3 d6 3. g3 c6 4. Bg2 Nbd7 5. 0-0 e5 6. dxe5 dxe5 7. Nbd2 Be7 8. Nc4 Qc7 9. b3 0-0 10. Bb2 e4 11. Ng5 b5 12. Nd2 e3 13. fxe3 h6 14. Nge4 Ng4 15. Nf3 Rd8 16. Qc1 Ndf6 17. Nxf6+ Bxf6 18. Bxf6 Nxf6 19. Nd4 Bd7 20. c4 Rac8 21. cxb5 cxb5 22. Qxc7 Rxc7 23. Rac1 Rdc8 24. Rxc7 Rxc7 25. h3 b4 26. Rd1 Kf8 27. Kf2 Ke7 28. e4 Rc5 29. Ke3 Ne8 30. Rd2 Rc3+ 31. Kf2 a5 32. Nf5+ Bxf5 33. exf5 Rc5 34. g4 Nd6 35. Bd5 f6 36. Kf3 Rc3+ 37. e3 Rc1 38. Kf4 Rf1+ 39. Kg3 Rg1+ 40. Kf2 Rc1 41. Kf3 Rc5 42. Kf4 Rc1 43. e4 Nb5 44. e5 Rf1+ 45. Kg3 fxe5 46. Bg2 Nc3 47. Bxf1 Ne4+ 48. Kg2 Nxd2 49. Bd3 e4 50. Bc2 e3 51. Bd3 Kd6 52. h4 Ke5 53. Kg3 Kd4 54. Ba6 Ke4 55. Bb7+ Ke5 56. Ba6 h5 57. Bd3 Ne4+ 58. Kf3 hxg4+ 59. Kxe3 Nd6 60. Kf2 Nxf5 0-1

[Event "RUS-Cup07"]
[Site "Tomsk"]
[Date "1998.07.15"]
[Round "1"]
[White "Osipov, Vladimir"]
[Black "Landa, Konstantin"]
[Result "0-1"]
[WhiteElo "2265"]
[BlackElo "2505"]
[PlyCount "82"]
[EventDate "1998.07.15"]
[EventType "swiss"]
[EventRounds "9"]
[EventCountry "RUS"]
[SourceTitle "CBM 067"]
[Source "ChessBase"]
[SourceDate "1998.11.30"]
[SourceVersion "2"]
[SourceVersionDate "1998.11.01"]
[SourceQuality "1"]

1. e4 c5 2. b3 Nc6 3. Bb2 e5 4. Nf3 d6 5. Bc4 g6 6. Nc3 Bg7 7. h3 a6 8. a4 Nf6 9. d3 0-0 10. 0-0 Rb8 11. Bc1 h6 12. Bd2 Nh5 13. Nh2 Nf4 14. Ng4 h5 15. Nh2 Qg5 16. Bxf4 exf4 17. Nf3 Qf6 18. Ne2 Qxa1 19. Qxa1 Bxa1 20. Rxa1 b5 21. axb5 axb5 22. Bd5 Nb4 23. Nxf4 Nxc2 24. Ra7 Nb4 25. Nxg6 Nxd5 26. Nxf8 Nb6 27. Nh7 Kxh7 28. Rxf7+ Kg6 29. Rc7 Be6 30. e5 dxe5 31. Nxe5+ Kf6 32. f4 Nd5 33. Rxc5 Nxf4 34. b4 Rg8 35. g4 Nxh3+ 36. Kh2 Nf4 37. Rxb5 hxg4 38. Kg3 Ne2+ 39. Kf2 Nd4 40. Rc5 g3+ 41. Kg1 Bh3 0-1

[Event "RUS-Cup07"]
[Site "Tomsk"]
[Date "1998.??.??"]
[Round "9"]
[White "Osipov, Vladimir"]
[Black "Vaulin, Alexander"]
[Result "1/2-1/2"]
[WhiteElo "2265"]
[BlackElo "2550"]
[PlyCount "124"]
[EventDate "1998.07.15"]
[EventType "swiss"]
[EventRounds "9"]
[EventCountry "RUS"]
[SourceTitle "EXT 2000"]
[Source "ChessBase"]
[SourceDate "1999.11.16"]
[SourceVersion "1"]
[SourceVersionDate "1999.11.16"]
[SourceQuality "1"]

1. e4 c5 2. b3 Nc6 3. Bb2 d6 4. Bb5 e5 5. Ne2 Nf6 6. d3 Be7 7. 0-0 0-0 8. Bxc6 bxc6 9. Nd2 Nh5 10. f4 exf4 11. Nxf4 Nxf4 12. Rxf4 Bg5 13. Rf1 Be3+ 14. Kh1 Bd4 15. Bxd4 cxd4 16. Qh5 Be6 17. Rf2 f6 18. Raf1 Qc8 19. Qh4 c5 20. h3 Qc7 21. Nf3 Rae8 22. a3 a6 23. Kg1 Qd8 24. Re1 Qa5 25. a4 Bf7 26. Rfe2 Re6 27. Qg3 Bh5 28. Qf4 Bxf3 29. Qxf3 Rfe8 30. Kh2 Re5 31. Qg4 Qc7 32. Kg1 Qe7 33. Kf2 g6 34. Kf1 Kg7 35. Kf2 Qf7 36. Qf3 R8e6 37. Kg1 Qe7 38. Kf1 Kf7 39. Kf2 Ke8 40. Kf1 Kd7 41. Kf2 Kc7 42. Kg1 Kb6 43. Kf2 Qf8 44. Kg1 Qe7 45. Kf1 Kc7 46. Kf2 Kd7 47. Kf1 Ke8 48. Kf2 Kf7 49. Kg1 Kg7 50. Kf2 Qd8 51. Kf1 Qa5 52. Kg1 Qd8 53. Kf1 h5 54. Kf2 Re8 55. Kf1 Qe7 56. Kf2 Qb7 57. Kf1 f5 58. Kg1 Qe7 59. Rf1 fxe4 60. Rxe4 Rxe4 61. dxe4 a5 62. Rf2 Qe6 1/2-1/2